| 000 | 00344nam a22001457a 4500 | ||
|---|---|---|---|
| 003 | OSt | ||
| 005 | 20220128152309.0 | ||
| 008 | 220128b |||||||| |||| 00| 0 eng d | ||
| 020 | _a139780766826847 | ||
| 040 | _cH U | ||
| 082 |
_22ed _a621.38043 |
||
| 100 |
_aBlake _929077 |
||
| 245 | _aElectronic Communication Systems | ||
| 942 |
_2ddc _cBOOKS _n0 |
||
| 999 |
_c28411 _d28411 |
||